Saunders comprehensive review for NCLEX-PN

Salve Regina Univ., Charlestown, RI. Brandon/Hill Nursing List selection (#306). Review tool for the NCLEX-PN. Offers a review of each aspect of practical nursing, chapter on medications and dosages, and more than 1,500 practice questions. Previous edition: c2000. Softcover.

Đã lưu trong:
書目詳細資料
主要作者: Silvestri, Linda Anne
格式: 圖書
語言:Undetermined
出版: St. Louis, MO. Saunders 2003
主題:
標簽: 添加標簽
沒有標簽, 成為第一個標記此記錄!
Thư viện lưu trữ: Trung tâm Học liệu Trường Đại học Cần Thơ
LEADER 00941nam a2200229Ia 4500
001 CTU_214802
008 210402s9999 xx 000 0 und d
082 |a 610.73076 
082 |b S587 
100 |a Silvestri, Linda Anne 
245 0 |a Saunders comprehensive review for NCLEX-PN 
245 0 |c Linda Anne Silvestri 
260 |a St. Louis, MO. 
260 |b Saunders 
260 |c 2003 
520 |a Salve Regina Univ., Charlestown, RI. Brandon/Hill Nursing List selection (#306). Review tool for the NCLEX-PN. Offers a review of each aspect of practical nursing, chapter on medications and dosages, and more than 1,500 practice questions. Previous edition: c2000. Softcover. 
650 |a Nursing, Practical,Practical nursing 
650 |x Examination Questions 
650 |y Examinations, questions, etc. 
904 |i Qhieu 
910 |a AV.000692, AV.005471,AV.000691 
980 |a Trung tâm Học liệu Trường Đại học Cần Thơ